[Event "Mechanics' Summer TNM; G/2 d5"]
[Site "San Francisco"]
[Date "2017.06.20"]
[Round "5.33"]
[White "Davila, Carlos"]
[Black "Valente, Marty J"]
[Result "1-0"]
[WhiteElo "2176"]
[BlackElo "1334"]
[PlyCount "95"]
[EventDate "2017.??.??"]

1. e4 Nc6 2. d4 e5 3. d5 Nce7 4. Nc3 Ng6 5. Be3 Bb4 6. Nge2 Nf6 7. f3 d6 8. Qd2
O-O 9. O-O-O Bd7 10. h4 Bxc3 11. Nxc3 Nh5 12. g4 Ng3 13. Rh3 Nxf1 14. Rxf1 Nxh4
15. Bg5 Nxf3 16. Rhxf3 f6 17. Be3 Bxg4 18. Rg3 Bh5 19. Qh2 Bg6 20. Rh1 Qe8 21.
Rhg1 Qf7 22. b3 b6 23. Kb2 Rad8 24. a4 f5 25. exf5 Qxf5 26. Rxg6 hxg6 27. Qg2
Rd7 28. Ne4 Qf3 29. Bc1 Rdf7 30. Qxg6 Qf5 31. Qg2 Qf3 32. Ng5 Qxg2 33. Rxg2 Rf2
34. Rg3 Re8 35. Ne6 Re7 36. Rc3 Rff7 37. Nd8 Rf6 38. Bg5 Kh7 39. Bxf6 gxf6 40.
Ne6 f5 41. Rxc7 Rxc7 42. Nxc7 f4 43. Kc3 Kg6 44. Ne8 e4 45. Nxd6 e3 46. Kd3 Kf6
47. Nc4 Kf5 48. Nxe3+ 1-0

[Event "Mechanics' Fall TNM; G/2 d5"]
[Site "San Francisco"]
[Date "2017.12.05"]
[Round "7.8"]
[White "Davila, Carlos"]
[Black "Vickers, Keith"]
[Result "1-0"]
[WhiteElo "2131"]
[BlackElo "2200"]
[PlyCount "91"]
[EventDate "2017.??.??"]

1. e4 Nc6 2. d4 d5 3. e5 Bf5 4. h4 Qd7 5. c3 f6 6. f4 Nh6 7. Be2 O-O-O 8. b4
Bg4 9. Nf3 Nf5 10. Kf2 h5 11. a4 fxe5 12. fxe5 Bxf3 13. Bxf3 g6 14. a5 e6 15.
b5 Nb8 16. Qe2 Be7 17. b6 a6 18. bxc7 Qxc7 19. g3 Nc6 20. Nd2 Nxa5 21. Ba3 Bxa3
22. Rxa3 Rh7 23. Rha1 Nc4 24. Nxc4 Qxc4 25. Qxc4+ dxc4 26. Ra4 Rc7 27. Rb1 Ne7
28. Rbb4 Nd5 29. Rxc4 Rdd7 30. Rxc7+ Rxc7 31. Bxd5 exd5 32. Ra5 Rd7 33. Ke3 Kc7
34. c4 Kb6 35. Rxd5 Rxd5 36. cxd5 a5 37. d6 Kc6 38. d5+ Kd7 39. Kd3 b5 40. Kc3
a4 41. Kb4 Ke8 42. e6 Kd8 43. d7 Ke7 44. d6+ Kd8 45. Kc3 a3 46. Kb3 1-0

[Event "Mechanics' Winter TNM; G/2"]
[Site "San Francisco"]
[Date "2017.02.07"]
[Round "6.17"]
[White "Delgado, David"]
[Black "Kondakov, Adrian"]
[Result "1-0"]
[WhiteElo "1603"]
[BlackElo "1962"]
[PlyCount "111"]
[EventDate "2017.??.??"]

1. e4 e6 2. d4 d5 3. exd5 exd5 4. Nf3 Bg4 5. h3 Bh5 6. Bf4 Bd6 7. Bxd6 Qxd6 8.
c3 Nd7 9. Nbd2 Ne7 10. Bd3 f6 11. O-O O-O-O 12. Re1 Rde8 13. Qc2 Bg6 14. c4
Bxd3 15. Qxd3 g5 16. c5 Qf4 17. Rxe7 Rxe7 18. g3 Nxc5 19. dxc5 Qb4 20. Qf5+ Kb8
21. Qxd5 g4 22. a3 Qa4 23. b3 Qd7 24. Qxd7 Rxd7 25. hxg4 Rg8 26. Re1 a6 27. Re6
Rxg4 28. Rxf6 Rd5 29. c6 Rg6 30. Rf8+ Ka7 31. cxb7 Kxb7 32. Rf4 Rgd6 33. Nc4
Rd8 34. Kg2 Ka7 35. Nfe5 Kb7 36. Rf6 Rb5 37. Rh6 Rdd5 38. b4 Rxe5 39. Nxe5 Rxe5
40. Rxh7 a5 41. Rh4 Rb5 42. Rc4 Kc8 43. f4 Kd7 44. g4 Rd5 45. bxa5 Rd2+ 46. Kf1
Rd5 47. Ra4 Kc8 48. a6 Kb8 49. a7+ Ka8 50. f5 Rd8 51. f6 Rd6 52. Rf4 Rd8 53. f7
Rf8 54. g5 c5 55. g6 c4 56. g7 1-0

[Event "Mechanics' Winter TNM; G/2"]
[Site "San Francisco"]
[Date "2017.01.24"]
[Round "4.28"]
[White "Delgado, David"]
[Black "Reed, Nicholas"]
[Result "1-0"]
[WhiteElo "1603"]
[BlackElo "836"]
[PlyCount "79"]
[EventDate "2017.??.??"]

1. e4 d5 2. exd5 Nf6 3. d4 c6 4. Nf3 cxd5 5. h3 Nc6 6. Bd3 Bd7 7. O-O Qc7 8.
Re1 e6 9. Bg5 Bd6 10. Nc3 a6 11. Bxf6 gxf6 12. Nxd5 Qd8 13. Qd2 e5 14. Qh6 Be7
15. Qg7 Rf8 16. dxe5 fxe5 17. Nxe5 Be6 18. Nxe7 Qxe7 19. Nxc6 bxc6 20. Rad1
O-O-O 21. Bxa6+ Kb8 22. Qe5+ Ka8 23. Rd3 Rxd3 24. Bxd3 Rd8 25. Qa5+ Kb8 26. Re4
c5 27. Qb6+ Kc8 28. Ba6+ Kd7 29. Bb5+ Kc8 30. Ra4 Rd1+ 31. Kh2 Qc7+ 32. Qxc7+
Kxc7 33. Bc4 Bxc4 34. Rxc4 Kb6 35. a4 Rd4 36. Rxd4 cxd4 37. Kg3 Ka5 38. Kf4
Kxa4 39. Ke4 Kb5 40. Kxd4 1-0

[Event "Mechanics' Winter TNM; G/2"]
[Site "San Francisco"]
[Date "2017.01.10"]
[Round "2.17"]
[White "Delgado, David"]
[Black "Wong, Russell"]
[Result "0-1"]
[WhiteElo "1603"]
[BlackElo "2201"]
[Annotator "Donaldson"]
[PlyCount "94"]
[EventDate "2017.??.??"]

1. e4 Nf6 2. e5 Nd5 3. d4 d6 4. Nf3 Bg4 5. Be2 e6 6. O-O Bxf3 7. Bxf3 c6 8. c4
Nb6 9. b3 dxe5 10. dxe5 Qxd1 11. Rxd1 N8d7 12. Bb2 O-O-O 13. Nd2 Nc5 14. Ne4
Nxe4 15. Rxd8+ Kxd8 16. Bxe4 Be7 17. Rd1+ Kc7 18. g3 g6 19. Bc3 Nd7 20. Ba5+ b6
21. Bc3 Rd8 22. b4 b5 23. c5 f5 24. exf6 Nxf6 25. Be5+ Kb7 26. Rxd8 Bxd8 27. f3
Nd5 28. Bxd5 exd5 29. Kf2 Kc8 30. f4 Kd7 31. g4 Bh4+ 32. Ke2 Ke6 33. Bc3 Bd8
34. Kf3 Bc7 35. h4 Bd8 36. g5 (36. h5 gxh5 37. f5+ {would be more thematic,
but the position is so blocked White can put his pawns on the same color as
his bishop and still draw.}) 36... Kf5 37. Be5 a5 38. a3 a4 39. Bd6 Ke6 40. Be5
Be7 (40... d4 $2 41. Bxd4 (41. Ke4) 41... Kd5 42. Be5 Kc4 43. f5 gxf5 44. Bf6
Bc7 45. h5 {winning.}) 41. Bd4 Kf5 42. Be5 Bf8 43. Bd4 h6 44. Be5 hxg5 45. hxg5
Be7 46. Bd4 Bd8 47. Be5 $4 Bxg5 0-1

[Event "Mechanics' Fall TNM; G/2 d5"]
[Site "San Francisco"]
[Date "2017.11.07"]
[Round "3.14"]
[White "Dhaliwal, Puneet S"]
[Black "Krasnov, Steven"]
[Result "1-0"]
[WhiteElo "1651"]
[BlackElo "1970"]
[PlyCount "81"]
[EventDate "2017.??.??"]

1. Nf3 c5 2. c4 Nf6 3. Nc3 Nc6 4. g3 d6 5. Bg2 g6 6. O-O Bg7 7. a3 O-O 8. Rb1
a5 9. Nb5 e5 10. d3 h6 11. Nd2 Be6 12. a4 Qd7 13. b3 Rfd8 14. Ne4 Nxe4 15. dxe4
Nd4 16. Nxd4 cxd4 17. e3 dxe3 18. Bxe3 Qc7 19. Qc1 Kh7 20. Rd1 Rac8 21. Rd3 f5
22. f3 Rf8 23. Qd1 Rcd8 24. Bc1 Rf7 25. Ba3 Rfd7 26. Kh1 fxe4 27. fxe4 h5 28.
Bf3 b6 29. g4 hxg4 30. Bxg4 Bxg4 31. Qxg4 Rf7 32. Rh3+ Kg8 33. Qxg6 Rf6 34.
Qh7+ Kf8 35. Rg1 Qf7 36. Rhg3 Rd7 37. Bc1 Rf1 38. Be3 Rxg1+ 39. Kxg1 Qf6 40.
Qh3 Qe7 41. Bxb6 1-0

[Event "Mechanics' Winter TNM; G/2"]
[Site "San Francisco"]
[Date "2017.02.07"]
[Round "6.1"]
[White "Diaz, Conrado"]
[Black "Askin, Michael"]
[Result "1-0"]
[WhiteElo "2260"]
[BlackElo "2081"]
[Annotator "Donaldson"]
[PlyCount "59"]
[EventDate "2017.??.??"]

1. d4 d5 2. Nf3 Nf6 3. Bf4 c5 4. c3 Nc6 5. e3 Qb6 6. Qc2 Bf5 $2 {Diagram [#] A
typical move in similar positions but one that falls short here because of
White's next move.} (6... cxd4 7. exd4 Bf5) (6... g6) 7. dxc5 $1 Bxc2 8. cxb6
axb6 9. Na3 Bg6 10. Nb5 Ra5 11. Be2 e6 12. b4 Nxb4 13. cxb4 Bxb4+ 14. Kf1 O-O
15. Ne5 Rfa8 16. Nxg6 hxg6 17. a3 Bxa3 18. Rxa3 Rxa3 19. Nxa3 Rxa3 20. g4 Ne4
21. Kg2 Ra2 22. Re1 f6 23. Bg3 Nc3 24. Bd3 b5 25. Bxg6 b4 26. Bd6 Rb2 27. Rc1
e5 28. Kf3 d4 29. exd4 exd4 30. Re1 1-0

[Event "Mechanics' Winter TNM; G/2"]
[Site "San Francisco"]
[Date "2017.02.21"]
[Round "8.1"]
[White "Diaz, Conrado"]
[Black "Bayaraa, Chinguun"]
[Result "1-0"]
[WhiteElo "2260"]
[BlackElo "2139"]
[PlyCount "69"]
[EventDate "2017.??.??"]

1. d4 Nf6 2. Bg5 g6 3. Bxf6 exf6 4. e3 Bg7 5. g3 O-O 6. Bg2 d5 7. Ne2 c6 8. Nd2
f5 9. O-O Nd7 10. c4 Nf6 11. Nc3 Be6 12. cxd5 cxd5 13. Qb3 Rb8 14. a4 Ne4 15.
Rfd1 a6 16. Nf3 Qd6 17. Ne1 g5 18. Nd3 Rfd8 19. Rac1 b6 20. Rc2 b5 21. axb5
Nxc3 22. Rxc3 Rxb5 23. Qc2 Rb6 24. Qe2 Rdb8 25. Qh5 h6 26. Rdc1 Rb3 27. Rc6 Qe7
28. Nc5 Rxb2 29. Nxe6 fxe6 30. Qg6 Re8 31. Rc7 Rb1 32. Rxb1 Qxc7 33. Qxe8+ Kh7
34. Qxe6 Qc2 35. Rf1 1-0

[Event "Mechanics' Peter Grey TNM; G/2 d5"]
[Site "San Francisco"]
[Date "2017.08.15"]
[Round "2.3"]
[White "Diaz, Conrado"]
[Black "Cendejas, Juan"]
[Result "1-0"]
[WhiteElo "2293"]
[BlackElo "1741"]
[PlyCount "67"]
[EventDate "2017.??.??"]

1. d4 Nf6 2. Bg5 e6 3. Nf3 Be7 4. Nbd2 b6 5. e3 Bb7 6. Bd3 h6 7. Bh4 Nc6 8. c3
d5 9. O-O Qd7 10. Bb5 a6 11. Ne5 Qd6 12. Bxc6+ Bxc6 13. Bg3 Bb5 14. Nxf7 Qc6
15. Nxh8 Bxf1 16. Qxf1 Bd6 17. Ng6 Kf7 18. Ne5+ Bxe5 19. Bxe5 b5 20. Nb3 Ng4
21. Bg3 Rf8 22. Qe2 Nf6 23. Nc5 Kg8 24. h3 Nd7 25. Nxd7 Qxd7 26. Be5 c6 27. f4
Qf7 28. Qg4 Kh7 29. a4 b4 30. cxb4 g6 31. Rc1 Qd7 32. b5 axb5 33. axb5 Rc8 34.
b6 1-0

[Event "Mechanics' Fall TNM; G/2 d5"]
[Site "San Francisco"]
[Date "2017.10.24"]
[Round "1.3"]
[White "Diaz, Conrado"]
[Black "Dupree, Charles"]
[Result "1-0"]
[WhiteElo "2299"]
[BlackElo "1634"]
[Annotator "Donaldson"]
[PlyCount "77"]
[EventDate "2017.??.??"]

1. d4 Nf6 2. Bg5 e6 3. Nd2 h6 4. Bh4 c5 5. e3 Nc6 6. c3 b6 7. Ngf3 Bb7 8. Bd3
d5 9. Ne5 Be7 10. Bb5 Qc7 11. Qa4 Rc8 12. Qxa7 O-O $4 (12... Nd7) 13. Bxc6 Bxc6
14. Nxc6 Qxc6 15. Qxe7 Rc7 16. Bxf6 Rxe7 17. Bxe7 Re8 18. Bh4 Qb5 19. O-O-O Ra8
20. a3 Qa4 21. Bg3 c4 22. Bd6 Qc6 23. Bb4 Qc7 24. g3 Qd8 25. e4 Qf6 26. f4 Qg6
27. Rde1 Qf6 28. exd5 exd5 29. Re5 Qc6 30. Rhe1 g6 31. Nf1 Kg7 32. Ne3 Rd8 33.
f5 g5 34. g4 Rd7 35. h4 Rd8 36. f6+ Kg6 37. Nf5 Kh7 38. hxg5 hxg5 39. Rh1+ 1-0

[Event "Mechanics' Summer TNM; G/2 d5"]
[Site "San Francisco"]
[Date "2017.06.13"]
[Round "4.2"]
[White "Diaz, Conrado"]
[Black "Fuentes, Romulo C"]
[Result "1-0"]
[WhiteElo "2305"]
[BlackElo "2206"]
[PlyCount "83"]
[EventDate "2017.??.??"]

1. d4 c5 2. d5 Nf6 3. c4 e6 4. Nc3 exd5 5. cxd5 Bd6 6. Nf3 O-O 7. g3 Re8 8. Bg2
a6 9. a4 Bc7 10. d6 Ba5 11. O-O Bxc3 12. bxc3 Nc6 13. c4 b6 14. Bb2 Bb7 15. Nh4
Rb8 16. Nf5 Ne5 17. Ne7+ Rxe7 18. dxe7 Qxe7 19. Bxb7 Rxb7 20. Qc2 Qe6 21. Bxe5
Qxe5 22. Rab1 Rb8 23. Rfd1 h5 24. Qd2 Ne4 25. Qe3 d6 26. Rd5 Qe8 27. f3 Nf6 28.
Qxe8+ Nxe8 29. Rd2 b5 30. axb5 axb5 31. cxb5 Rb6 32. Ra2 Nc7 33. Ra7 Rxb5 34.
Rxb5 Nxb5 35. Ra8+ Kh7 36. Rb8 Nd4 37. Kf2 Ne6 38. e4 Kg6 39. Rb6 Kf6 40. Rxd6
g6 41. Ke3 Ke7 42. Rd5 1-0

[Event "Mechanics' Peter Grey TNM; G/2 d5"]
[Site "San Francisco"]
[Date "2017.09.26"]
[Round "8.4"]
[White "Diaz, Conrado"]
[Black "Jones, James E"]
[Result "1-0"]
[WhiteElo "2293"]
[BlackElo "2000"]
[Annotator "Donaldson"]
[PlyCount "95"]
[EventDate "2017.??.??"]

1. d4 c5 2. c3 Nf6 3. Nf3 g6 4. Bg5 Bg7 5. Nbd2 d6 6. dxc5 dxc5 7. Bxf6 Bxf6 8.
Ne4 O-O 9. Qxd8 Rxd8 10. Nxc5 Nc6 11. e3 Bf5 12. Be2 Rd5 13. Nb3 e5 14. Bc4 Rd6
15. O-O Rad8 16. Nc5 Na5 17. Be2 b6 18. Nb3 Nxb3 19. axb3 a5 20. Bc4 Be4 21. b4
axb4 22. cxb4 Kg7 23. Ra6 Bb7 24. Ra7 Bd5 25. Nd2 Bxc4 26. Nxc4 Rc6 27. b3 Rd3
28. Rb1 b5 29. Na5 Rc2 30. Rb7 Rdd2 31. Rf1 Bg5 32. g3 {Diagram [#]} Bxe3 $1
33. Kg2 Bxf2 34. Kh3 h5 35. Kh4 Rd4+ (35... Kh6 36. Rxf7 Be3 $19) 36. Kh3 Rxb4
(36... Be3 37. Rfxf7+ Kh6 38. Rbc7 Re2) 37. Nc4 bxc4 (37... e4) 38. Rxb4 c3 39.
Rc4 f5 (39... Bd4 40. Rc7 Kh6 41. Rcxf7 Rd2 $19) 40. Rc6 e4 41. Ra1 e3 (41...
Kh7 42. Raa6 Bg1) 42. Raa6 Bg1 43. Rxg6+ Kf7 44. Kh4 Rxh2+ $4 (44... e2 45.
Rgf6+ $11) 45. Kg5 e2 46. Raf6+ Ke7 47. Rg7+ Ke8 48. Ra6 1-0

[Event "Mechanics' Fall TNM; G/2 d5"]
[Site "San Francisco"]
[Date "2017.11.07"]
[Round "3.2"]
[White "Diaz, Conrado"]
[Black "Lee, Grant"]
[Result "1-0"]
[WhiteElo "2299"]
[BlackElo "1991"]
[Annotator "Winslow,E"]
[PlyCount "47"]
[EventDate "2017.??.??"]

1. d4 d5 2. Nf3 Nf6 3. Bg5 Nbd7 4. e3 g6 5. c4 c6 6. Nc3 Bg7 7. cxd5 cxd5 8.
Qb3 Qa5 9. Bxf6 Nxf6 10. Bb5+ Kf8 11. O-O e6 12. Ne5 Ne8 $2 (12... a6 $5) 13.
Bxe8 Kxe8 14. Qb5+ Qxb5 15. Nxb5 Bxe5 16. dxe5 Kd8 17. Nd6 Rf8 18. Rac1 Rb8 19.
e4 Bd7 20. exd5 exd5 21. Rfd1 Be6 22. Rd3 f6 23. f4 g5 24. f5 1-0

[Event "Mechanics' Spring TNM; G/2"]
[Site "San Francisco"]
[Date "2017.03.28"]
[Round "3.9"]
[White "Diaz, Conrado"]
[Black "Maser, Thomas F"]
[Result "1-0"]
[WhiteElo "2269"]
[BlackElo "1920"]
[PlyCount "113"]
[EventDate "2017.??.??"]

1. d4 Nf6 2. Bg5 Ne4 3. Bh4 d5 4. f3 Nf6 5. Nd2 e6 6. c3 Be7 7. e4 O-O 8. Bd3
Nbd7 9. e5 Ne8 10. Bxe7 Qxe7 11. f4 c5 12. a3 cxd4 13. cxd4 f6 14. Ngf3 fxe5
15. fxe5 g6 16. O-O Ng7 17. Rc1 Nb8 18. Nb3 b6 19. Qe2 Bb7 20. Rc3 Rc8 21.
Rxc8+ Bxc8 22. Rc1 Bb7 23. Qd2 Nc6 24. Qh6 Rf8 25. Rc3 Nf5 26. Qc1 Nh4 27. Nxh4
Qxh4 28. Qe3 Qf4 29. Qxf4 Rxf4 30. g3 Rf8 31. Bb5 Rc8 32. Bxc6 Rxc6 33. Rxc6
Bxc6 34. h4 Kf7 35. Kf2 g5 36. hxg5 Kg6 37. Nd2 Kxg5 38. Kf3 Be8 39. g4 h5 40.
gxh5 Bxh5+ 41. Ke3 Kf5 42. Nb1 Be8 43. Nc3 Bd7 44. Na2 Bc8 45. Nb4 Bb7 46. Nd3
a5 47. Nf4 Bc8 48. Nh5 Bd7 49. Nf6 Bc6 50. Ng8 Bd7 51. Kf3 Kg6 52. Kg4 Kf7 53.
Nf6 Bb5 54. Kg5 Bd3 55. Nd7 b5 56. Nc5 Bc2 57. Nb7 1-0

[Event "Mechanics' Summer TNM; G/2 d5"]
[Site "San Francisco"]
[Date "2017.07.11"]
[Round "7.2"]
[White "Diaz, Conrado"]
[Black "O'Connor, Derek"]
[Result "1/2-1/2"]
[WhiteElo "2305"]
[BlackElo "2270"]
[Annotator "Donaldson"]
[PlyCount "96"]
[EventDate "2017.??.??"]

1. d4 Nf6 2. Nf3 d5 3. Bf4 c5 4. c3 Nc6 5. e3 Qb6 6. Qc2 g6 7. Nbd2 Bg7 8. h3
O-O 9. Be2 Bf5 10. dxc5 Qxc5 11. Qb3 Na5 12. Qb5 Qxb5 13. Bxb5 Rac8 14. Be5 a6
15. Ba4 Bd3 16. Bb3 Rfd8 17. Nd4 Nc4 18. Bxc4 dxc4 19. f4 Bf8 20. Bxf6 exf6 21.
Kf2 b5 22. a3 Rc7 23. Rhe1 Rb8 24. e4 Bc5 25. N2f3 a5 26. e5 f5 27. g4 b4 28.
axb4 axb4 29. Kg3 fxg4 30. hxg4 Rd8 31. e6 Bxd4 32. Nxd4 f5 33. g5 Be4 34. Ra4
b3 35. Rd1 Kf8 36. Ra5 Ke7 37. Rd2 Ra8 38. Rxa8 Bxa8 39. Nb5 Rc5 40. Nd4 Rd5
41. Rh2 Rxd4 $1 42. cxd4 Kxe6 43. Rd2 $4 {
Both sides were low on time at this point, especially White.} (43. Rxh7 $4 c3
$19) (43. Re2+ Kd5 44. Re3 Kxd4 45. Kf2 Be4 46. Ke2 {
followed by Kd2 and then Rh3.}) 43... Be4 44. Kf2 {Diagram [#]} Bc2 $2 (44...
Kd5 $1 45. Ke3 c3 $1 46. bxc3 Kc4 {wins.} 47. d5 Bc2 $1) 45. Re2+ Kd5 46. Re3
Kxd4 47. Rc3 $2 (47. Ke2 $1 {followed by by Kd2 and Rh3.}) 47... Bd3 48. Kf3
Be4+ 1/2-1/2

[Event "Mechanics' Summer TNM; G/2 d5"]
[Site "San Francisco"]
[Date "2017.05.30"]
[Round "2.2"]
[White "Diaz, Conrado"]
[Black "Poling, Scott E"]
[Result "1-0"]
[WhiteElo "2305"]
[BlackElo "1865"]
[Annotator "Donaldson"]
[PlyCount "97"]
[EventDate "2017.??.??"]

1. g4 d5 2. Bg2 c6 3. h3 e5 4. d3 Bd6 5. Nd2 Be6 6. c4 Ne7 7. Ngf3 Ng6 8. e3 f5
9. cxd5 cxd5 10. gxf5 Bxf5 11. Qb3 Ne7 12. e4 dxe4 13. Nxe4 Nbc6 14. O-O Qd7 {
Diagram [#]} 15. Qxb7 Rd8 16. Qxd7+ Rxd7 17. Be3 O-O 18. Rfd1 Bb8 19. Nc5 Rdd8
20. Ng5 Rf6 21. Nge4 Rg6 22. Kh1 Nd5 23. Bg5 Nce7 24. Rac1 h6 25. Bh4 Rb6 26.
Ng3 g5 27. Nxf5 Nxf5 28. Bg3 Rxb2 {Diagram [#]} 29. Be4 (29. Ne6 $1 {
wins material.}) 29... Nxg3+ 30. fxg3 Nf6 31. g4 Bd6 32. Bf5 Bxc5 33. Rxc5 e4
34. Re5 Re2 35. d4 Rb8 36. Be6+ Kg7 37. Bb3 Rc8 38. Re7+ Kh8 39. Rf1 Nh7 40. d5
Rc3 41. Rd1 Rxh3+ 42. Kg1 e3 {The position is equal.} 43. Rf7 Rhh2 44. Bc4
Rhg2+ 45. Kf1 Rb2 46. d6 e2+ 47. Bxe2 Rgxe2 48. d7 Red2 49. d8=Q+ 1-0

[Event "Mechanics' Summer TNM; G/2 d5"]
[Site "San Francisco"]
[Date "2017.06.27"]
[Round "6.3"]
[White "Diaz, Conrado"]
[Black "Shakhnazarov, Oleg"]
[Result "1-0"]
[WhiteElo "2305"]
[BlackElo "2163"]
[PlyCount "73"]
[EventDate "2017.??.??"]

1. d4 e6 2. Nf3 Be7 3. e4 d6 4. Bd3 g5 5. h3 Nd7 6. Qe2 h6 7. Nbd2 c5 8. c3 a6
9. a4 Ngf6 10. e5 dxe5 11. dxe5 Nd5 12. g3 b6 13. Nc4 Bb7 14. Be4 Rb8 15. O-O
Rg8 16. Rd1 Qc7 17. Nd6+ Kf8 18. Nxb7 Rxb7 19. c4 Nb4 20. Bxb7 Qxb7 21. b3 Rg6
22. Bb2 h5 23. Nh2 g4 24. hxg4 h4 25. gxh4 Bxh4 26. Qf3 Qc7 27. Qe4 Kg8 28. Nf3
Be7 29. Kg2 Nf8 30. Rh1 Nc6 31. Rh5 Bd8 32. Rah1 Qd7 33. g5 Ne7 34. Qh4 f5 35.
exf6 Nf5 36. Rh8+ Kf7 37. Ne5+ 1-0

[Event "Mechanics' Fall TNM; G/2 d5"]
[Site "San Francisco"]
[Date "2017.11.21"]
[Round "5.1"]
[White "Diaz, Conrado"]
[Black "Stearman, Josiah P"]
[Result "0-1"]
[WhiteElo "2299"]
[BlackElo "2320"]
[PlyCount "98"]
[EventDate "2017.??.??"]

1. d4 d5 2. Nf3 Nf6 3. Bf4 c5 4. c3 Qb6 5. Qb3 c4 6. Qc2 g6 7. Nbd2 Bf5 8. Qc1
Nc6 9. h3 h5 10. e3 Bg7 11. b3 cxb3 12. axb3 Rc8 13. Qb2 O-O 14. Be2 Ne4 15.
Nxe4 Bxe4 16. O-O Rfe8 17. Rfc1 e5 18. Bg3 a6 19. b4 exd4 20. exd4 Na7 21. Ne5
Re7 22. Nd3 Rce8 23. Bf1 Bxd3 24. Bxd3 Nb5 25. Bf4 Qc6 26. Qb3 Kh7 27. Qb2 Bh6
28. Bxh6 Kxh6 29. c4 dxc4 30. Bxc4 Qd6 31. Qd2+ Kh7 32. Bxb5 axb5 33. Re1 Rxe1+
34. Rxe1 Rxe1+ 35. Qxe1 Qxd4 36. Qe7 Kg7 {Diagram [#]} 37. h4 $2 (37. g3) 37...
Qa1+ 38. Kh2 {Diagram [#]} Qf6 $1 39. Qc5 Qxh4+ 40. Kg1 Qc4 41. Qe5+ Kh7 42.
Qd6 Qc1+ 43. Kh2 Qe1 44. Qc5 b6 $1 45. Qd4 Qc1 46. Qd6 Qc4 47. Kg1 Qe4 48. Qd2
f5 49. g3 Qe7 {Black later outplayed White in mutual time pressure. Remaining
moves unavailable.} 0-1

[Event "Mechanics' Spring TNM; G/2"]
[Site "San Francisco"]
[Date "2017.04.11"]
[Round "5.3"]
[White "Diaz, Conrado"]
[Black "Tracy, Joseph J"]
[Result "1-0"]
[WhiteElo "2269"]
[BlackElo "2142"]
[Annotator "Donaldson"]
[PlyCount "53"]
[EventDate "2017.??.??"]

1. d4 Nf6 2. Bg5 e6 3. c3 c5 4. e3 b6 5. Nd2 Bb7 6. Ngf3 Be7 7. Bd3 d5 8. Ne5
O-O 9. Bxf6 Bxf6 10. f4 Bxe5 11. fxe5 f5 12. exf6 Qxf6 13. Nf3 Nc6 14. O-O Qh6
(14... e5 $5 15. Nxe5 Qg5 $11) 15. Qe2 Rae8 $2 (15... e5 16. Nxe5 Nxe5 17. dxe5
Qg5 $11) 16. Bb5 Re7 17. Bxc6 Bxc6 18. Ne5 $18 Be8 19. Rxf8+ Kxf8 20. Rf1+ Kg8
21. Qf3 g5 22. Ng4 Qg7 23. Nf6+ Kh8 24. Qg3 h6 25. Qb8 Qg6 26. Qd8 Qf7 27. Nxd5
1-0

[Event "Mechanics' Peter Grey TNM; G/2 d5"]
[Site "San Francisco"]
[Date "2017.08.29"]
[Round "4.3"]
[White "Diaz, Conrado"]
[Black "Walder, Michael S"]
[Result "1-0"]
[WhiteElo "2293"]
[BlackElo "2147"]
[PlyCount "78"]
[EventDate "2017.??.??"]

1. d4 c5 2. d5 Nf6 3. Nc3 d6 4. e4 g6 5. Nf3 Bg7 6. Nd2 O-O 7. Be2 Na6 8. O-O
Nc7 9. a4 Bd7 10. Re1 Rb8 11. Bc4 a6 12. a5 Nb5 13. Ne2 e6 14. h3 exd5 15. exd5
Re8 16. c3 Nc7 17. Nf1 Bb5 18. Ba2 Bxe2 19. Rxe2 Rxe2 20. Qxe2 Ncxd5 21. Qf3
Nc7 22. Be3 Ne6 23. Rd1 Qd7 24. b4 Rc8 25. Nd2 cxb4 26. cxb4 Qa4 27. Bb3 Qxb4
28. Rb1 Qxa5 29. Qxb7 Qc7 30. Qxa6 Nc5 31. Bxc5 Qxc5 32. Qb7 d5 33. Nf3 Qc6 34.
Qa7 Bf8 35. Ne5 Qe6 36. Nd3 Qf5 37. Qd4 Qe4 38. Qxe4 dxe4 39. Ne5 Rc7 1-0

[Event "Mechanics' Winter TNM; G/2"]
[Site "San Francisco"]
[Date "2017.01.24"]
[Round "4.2"]
[White "Diaz, Conrado"]
[Black "Walder, Michael S"]
[Result "1-0"]
[WhiteElo "2260"]
[BlackElo "2075"]
[Annotator "Donaldson"]
[PlyCount "59"]
[EventDate "2017.??.??"]

1. d4 Nf6 2. Nf3 g6 3. Bg5 Bg7 4. Nbd2 O-O 5. e4 d6 6. c3 c5 7. dxc5 dxc5 8.
Bc4 Nc6 9. Qe2 Qc7 10. h3 Na5 11. Bd3 Be6 12. O-O c4 $2 13. Bc2 Rad8 14. Nd4
Rxd4 $2 (14... Bd7) (14... Bc8) 15. cxd4 c3 16. bxc3 Qxc3 17. Qd3 Rc8 18. Qxc3
Rxc3 19. Rfc1 Nh5 20. Nf3 Nc4 21. Bb3 Rxf3 22. gxf3 Bxd4 23. Bxc4 Bxc4 24. Rab1
Ba6 25. Rc7 Bb6 26. Rxe7 Kf8 27. Rd7 Ng3 28. Bf6 Ne2+ 29. Kh2 Nf4 {Diagram [#]}
30. Rxb6 1-0

[Event "Mechanics' Fall TNM; G/2 d5"]
[Site "San Francisco"]
[Date "2017.12.12"]
[Round "8.1"]
[White "Diaz, Conrado"]
[Black "Whitehead, Paul"]
[Result "1/2-1/2"]
[WhiteElo "2299"]
[BlackElo "2352"]
[PlyCount "32"]
[EventDate "2017.??.??"]

1. d4 d6 2. Nf3 g6 3. c3 Bg7 4. Bg5 h6 5. Bh4 Nf6 6. Nbd2 Nbd7 7. e4 g5 8. Bg3
Nh5 9. Bc4 e6 10. Qe2 Qe7 11. Ng1 (11. O-O-O {
has been played by Khalifman. The text appears to be a novelty.}) 11... Nxg3
12. hxg3 Nb6 13. Bb3 e5 14. dxe5 Bxe5 15. Nc4 Nxc4 16. Bxc4 c6 1/2-1/2